Fósiles 2 - Estadísticas

Estadísticas generales
  • Esta prueba ha sido intentada 34 veces
  • La puntuación promedio es 6 de 13
Estadísticas de respuestas
Fósil Periodo % Correcto
Arqueociatos Cámbrico
100%
Homínidos / Equus / Quercus Cuaternario
67%
Calceola Devónico
67%
Ammonites Jurásico - Cretácico
67%
Pygope Jurásico - Cretácico
67%
Graptolitos Cámbrico - Carbonífero
33%
Lepidodendron Carbonífero - Pérmico
33%
Calamites Carbonífero - Pérmico
33%
Goniatites Devónico - Pérmico
33%
Dinosaurios MESOZOICO (Triásico - Cretácico)
33%
Deinotherium Neógeno
33%
Nummunites/Nummulites Paleógeno
33%
Trilobites PALEOZOICO (Cámbrico - Pérmico)
33%
No se encontraron pruebas coincidentes
Distribución de puntuación
Porcentaje de gente con cada puntuación
Porcentaje por número respondido
Historial de tus puntuaciones
No has intentado esta prueba.